00329nam a2200121Ia 4500008004100000041000800041082001600049100002300065245004500088260004100133300002400174365000900198240624s9999 xx 000 0 und d aeng a658.872 KHO aKHOSROW POUR MEHDI aCASES ON ELECTRONIC COMMERCE TECHNOLOGIE c2006aHersheybIdea Group Publishing a398 : p. : cm. ; 26 cb30